000 01423nam a22003257a 4500
003 OSt
005 20220609035244.0
008 170328b xxu||||| |||| 00| 0 eng d
020 _a0521771358
040 _aMMU
_cMMU
_dMMU
_beng
050 0 0 _aCB417 .C87 2000
100 1 _aCurtin, Philip D.
245 1 4 _aThe world and the West :
_bthe European challenge and the overseas response in the Age of Empire /
_cPhilip D. Curtin.
260 _aCambridge, UK ;
_aNew York :
_bCambridge University Press,
_c2000.
300 _axiv, 294 p. :
_bill., maps :
_c24 cm.
500 _aIncludes bibliographical references and index.
650 0 _aCivilization, Modern
_xEuropean influences.
650 0 _aCivilization, Modern
_xEuropean influences
_vCase studies.
650 0 _aSocial change
_xHistory.
650 0 _aSocial change
_xHistory
_vCase studies.
650 0 _aCulture conflict
_xHistory.
650 0 _aCulture conflict
_xHistory
_vCase studies.
651 0 _aEurope
_xTerritorial expansion.
651 0 _aEurope
_xTerritorial expansion
_vCase studies.
856 4 2 _3Book review (H-Net)
_uhttp://www.h-net.org/review/hrev-a0c2w0-aa
856 4 1 _3Sample text
_uhttp://www.loc.gov/catdir/samples/cam032/99040254.html
856 4 2 _3Publisher description
_uhttp://www.loc.gov/catdir/description/cam0210/99040254.html
856 4 1 _3Table of contents
_uhttp://www.loc.gov/catdir/toc/cam026/99040254.html
942 _2lcc
_cLOAN LOAN
999 _c26286
_d26286